Les 3 meilleurs ailiers par pays dans l'histoire - Statistiques

Statistiques générales
  • Ce quiz a été pris 118 fois
  • Le résultat moyen est 15 sur 24
Statistiques - réponses
Pays Club principal Côtés Joueurs % Correct
Portugal Réal Madrid G Cristiano Ronaldo
93%
Brésil Paris Saint-Germain G Neymar Jr
93%
Argentine Paris Saint-Germain D Angel Di Maria
92%
France FC Arsenal G Thierry Henry
92%
Argentine FC Barcelone D Lionel Messi
90%
France Bayern Munich G Franck Ribéry
88%
France Paris Saint-Germain G Kylian Mbappé
88%
Belgique FC Chelsea G Eden Hazard
82%
Pays-Bas Bayern Munich D Arjen Robben
81%
Brésil FC Barcelone G Ronaldinho
78%
Portugal Réal Madrid D Luis Figo
74%
Portugal Manchester United G Luis Nani
72%
Brésil FC Barcelone D Rivaldo
71%
Belgique Atlético Madrid G Yannick Ferreira Carrasco
70%
Belgique Napoli D/G Dries Mertens
69%
Argentine ParisSaint-Germain G Ezequiel Lavezzi
63%
Italie Napoli G Lorenzo Insigne
57%
Angleterre Manchester City G Raheem Sterling
47%
Angleterre Manchester United D David Beckham
38%
Pays-Bas FC Arsenal G Marc Overmars
35%
Angleterre FC Chelsea D Joe Cole
34%
Italie Juventus Turin D Mauro Camoranesi
15%
Pays-Bas Tottenham Hotspurs D Rafael Van der Vaart
12%
Italie AS Roma G Simone Perrotta
4%
Aucun quiz correspondant
Distribution des résultats
% des personnes avec chaque résultat
Percentile par nombre de réponses
Votre historique - résultats
Vous n’avez pas pris ce quiz